[Event "Zuerich op-B 35th"]
[Site "Zuerich"]
[Date "2011.12.27"]
[Round "3"]
[White "Messer, Markus"]
[Black "Schmid, Joachim"]
[Result "1-0"]
[WhiteElo "2013"]
[BlackElo "1797"]
[PlyCount "45"]
[EventDate "2011.12.26"]
[EventType "swiss"]
[EventRounds "7"]
[EventCountry "SUI"]
[SourceTitle "CBM 146 Extra"]
[Source "ChessBase"]
[SourceDate "2012.02.29"]
[SourceVersion "1"]
[SourceVersionDate "2012.02.29"]
[SourceQuality "1"]

1. e4 c6 2. Nf3 d5 3. Nc3 dxe4 4. Nxe4 Bf5 5. Ng3 Bg6 6. h4 h6 7. Ne5 Qd6 8. d4 Nd7 9. Nxg6 Qxg6 10. Bd3 Qe6+ 11. Be3 Ngf6 12. Qe2 Qd5 13. 0-0 e6 14. c4 Qa5 15. Nf5 g6 16. Ng3 Bg7 17. a3 0-0 18. b4 Qc7 19. Qd2 h5 20. Bf4 Qc8 21. Bh6 Ng4 22. Bxg7 Kxg7 23. Nxh5+ 1-0

[Event "Zuerich op-B 32nd"]
[Site "Zuerich"]
[Date "2008.12.27"]
[Round "3"]
[White "Aeschbach, Philipp"]
[Black "Messer, Markus"]
[Result "1/2-1/2"]
[WhiteElo "1896"]
[BlackElo "2009"]
[PlyCount "40"]
[EventDate "2008.12.26"]
[EventType "swiss"]
[EventRounds "7"]
[EventCountry "SUI"]
[SourceTitle "CBM 127 Extra"]
[Source "ChessBase"]
[SourceDate "2009.01.08"]
[SourceVersion "2"]
[SourceVersionDate "2009.01.28"]
[SourceQuality "1"]

1. d4 Nf6 2. Nf3 c5 3. e3 e6 4. Bd3 g6 5. 0-0 Qc7 6. b3 Bg7 7. Bb2 b6 8. c4 0-0 9. Nbd2 Bb7 10. Qc2 Nc6 11. a3 d6 12. e4 cxd4 13. Nxd4 Nxd4 14. Bxd4 d5 15. cxd5 Qxc2 16. Bxc2 exd5 17. exd5 Bxd5 18. Rac1 Rad8 19. Rfd1 Be6 20. Nf1 Rd7 1/2-1/2

[Event "Zuerich op-B 31st"]
[Site "Zuerich"]
[Date "2007.??.??"]
[Round "4"]
[White "Vonlanthen, Markus"]
[Black "Messer, Markus"]
[Result "1-0"]
[WhiteElo "2007"]
[BlackElo "1967"]
[PlyCount "115"]
[EventDate "2007.12.26"]
[EventType "swiss"]
[EventRounds "7"]
[EventCountry "SUI"]
[SourceTitle "EXT 2019"]
[Source "ChessBase"]
[SourceDate "2018.10.10"]
[SourceVersion "1"]
[SourceVersionDate "2018.10.10"]
[SourceQuality "1"]

1. e4 c5 2. Nf3 d6 3. d4 cxd4 4. Nxd4 Nf6 5. Nc3 g6 6. Be2 Bg7 7. Be3 Nc6 8. 0-0 0-0 9. Nb3 a6 10. f4 Qc7 11. Nd5 Nxd5 12. exd5 Na5 13. Nxa5 Qxa5 14. c3 b5 15. Bd4 Bxd4+ 16. Qxd4 Bb7 17. b4 Qc7 18. a4 bxa4 19. Rxa4 Rfc8 20. Rf3 e6 21. dxe6 fxe6 22. Rd3 Qc6 23. Bf3 d5 24. Bg4 Re8 25. Ra1 Rad8 26. h4 Bc8 27. h5 Rd7 28. f5 gxf5 29. Bxf5 Rf7 30. Rg3+ Kf8 31. Bd3 e5 32. Qe3 e4 33. Be2 Re6 34. Rf1 Qb6 35. Qxb6 Rxf1+ 36. Kxf1 Rxb6 37. Rg5 Be6 38. Ke1 Kf7 39. h6 Kf6 40. Rg7 Bf5 41. Ra7 Kg5 42. Rxa6 Rxh6 43. b5 Rh1+ 44. Kf2 Kf4 45. g3+ Ke5 46. Ke3 Rc1 47. Kd2 Rg1 48. b6 Rxg3 49. b7 e3+ 50. Ke1 Rg1+ 51. Bf1 Rxf1+ 52. Kxf1 Bd3+ 53. Ke1 Bxa6 54. b8Q+ Ke4 55. Qe8+ Kd3 56. Qe5 Bc4 57. Qd4+ Kc2 58. Qxe3 1-0

[Event "Zuerich op-B 29th"]
[Site "Zuerich"]
[Date "2005.12.27"]
[Round "2"]
[White "Peter, Raymond"]
[Black "Messer, Markus"]
[Result "0-1"]
[WhiteElo "1933"]
[BlackElo "1984"]
[PlyCount "54"]
[EventDate "2005.12.26"]
[EventType "swiss"]
[EventRounds "7"]
[EventCountry "SUI"]
[SourceTitle "CBM 110 Extra"]
[Source "ChessBase"]
[SourceDate "2006.03.10"]
[SourceVersion "2"]
[SourceVersionDate "2006.03.10"]
[SourceQuality "1"]

1. e4 c5 2. Nf3 d6 3. d4 cxd4 4. Nxd4 Nf6 5. Nc3 g6 6. Be3 Bg7 7. Be2 Nc6 8. Qd2 0-0 9. h4 h5 10. f3 d5 11. Nxc6 bxc6 12. e5 Nd7 13. g4 d4 14. Bxd4 Nxe5 15. gxh5 Nxf3+ 16. Bxf3 Qxd4 17. Qxd4 Bxd4 18. hxg6 fxg6 19. Bxc6 Bf2+ 20. Kd2 Rb8 21. Bd5+ Kg7 22. Bc4 Rf4 23. Raf1 Bb7 24. Bd5 Rd8 25. Rxf2 Rxf2+ 26. Ke3 Bxd5 27. Nxd5 Rxc2 0-1

[Event "Zuerich op-B 26th"]
[Site "Zuerich"]
[Date "2002.??.??"]
[Round "7"]
[White "Messer, Markus"]
[Black "De Andres, Jesus"]
[Result "1-0"]
[WhiteElo "1834"]
[BlackElo "1959"]
[PlyCount "47"]
[EventDate "2002.12.26"]
[EventType "swiss"]
[EventRounds "7"]
[EventCountry "SUI"]
[SourceTitle "EXT 2019"]
[Source "ChessBase"]
[SourceDate "2018.10.10"]
[SourceVersion "1"]
[SourceVersionDate "2018.10.10"]
[SourceQuality "1"]

1. e4 c5 2. Nf3 Nc6 3. d4 cxd4 4. Nxd4 Nf6 5. Nc3 e6 6. Bb5 Bb4 7. 0-0 Bxc3 8. bxc3 Qa5 9. Qd3 0-0 10. Nb3 Qb6 11. Bxc6 bxc6 12. Re1 e5 13. Qg3 d6 14. h3 Ne8 15. c4 c5 16. f4 f6 17. f5 Ba6 18. Qd3 Nc7 19. Be3 Rfd8 20. Reb1 Qc6 21. Rb2 d5 22. exd5 Nxd5 23. cxd5 Rxd5 24. Qc3 1-0

[Event "Zuerich op-B 26th"]
[Site "Zuerich"]
[Date "2002.??.??"]
[Round "3"]
[White "Messer, Markus"]
[Black "Mueller, Lukas"]
[Result "1-0"]
[WhiteElo "1834"]
[BlackElo "1914"]
[PlyCount "89"]
[EventDate "2002.12.26"]
[EventType "swiss"]
[EventRounds "7"]
[EventCountry "SUI"]
[SourceTitle "EXT 2019"]
[Source "ChessBase"]
[SourceDate "2018.10.10"]
[SourceVersion "1"]
[SourceVersionDate "2018.10.10"]
[SourceQuality "1"]

1. e4 g6 2. d4 Bg7 3. f4 d6 4. Be3 Nf6 5. Nd2 Ng4 6. Qe2 Nc6 7. c3 d5 8. h3 Nxe3 9. Qxe3 0-0 10. e5 f6 11. g4 fxe5 12. fxe5 e6 13. Ngf3 Qe7 14. Be2 Bd7 15. 0-0-0 Na5 16. h4 h6 17. Bd3 Be8 18. Rdf1 b6 19. Bc2 c5 20. h5 cxd4 21. cxd4 Rc8 22. Kb1 Nc4 23. Nxc4 dxc4 24. hxg6 c3 25. bxc3 Qa3 26. Bb3 Bxg6+ 27. Ka1 Qe7 28. Kb2 b5 29. g5 h5 30. Nh4 Be8 31. Nf5 Rxf5 32. Rxf5 b4 33. cxb4 Bg6 34. Rf2 Qxb4 35. Rc1 Rd8 36. Rc4 Qb5 37. Rc5 Qb4 38. Rc4 Qb5 39. Rc7 Qb6 40. Re7 Kh7 41. Rd2 Bf5 42. Qf4 Kg6 43. d5 Qc5 44. Rxe6+ Bxe6 45. Bc2+ 1-0